000 00495ntaaa2200193 4500
003 01
005 20251027201906.0
008 0714s1973 ag 01
040 _aAR-BaBN
_bspa
_cAR-BaBN
_eaacr
_dRIC
082 _a231.1000 D88
100 _aDujovne, León
_98213
245 _aLa concepción de Dios en la Biblia bebrea
250 _a1 ed.
260 _aBuenos Aires :
_bCongreso Judío Mundial,
_c1968
300 _a38 p.
500 _ainterpretación judía
650 _aDios
942 _cBK
999 _c13616
_d13616